• 首页
  • 本馆介绍
  • 公告通知
  • 最新文献
  • 馆藏检索
  • 电子资源
  • 读者导购
  • 参考咨询
  • 我的图书馆
  • 登录
  • 详细信息显示
  • 放入我的书架
  • 预约/预借图书
  • 作者相关作品
  • 分类相关作品
  • 丛书相关作品
  • 出版社相关作品

书目信息

  • 表格格式
  • 工作单格式
  • 卡片格式
题名:
十八世纪末法国资产阶级革命
    
 
作者: 华中师范学院历史系 编
分册:  
出版信息:    1989.12
页数: 60页
开本: 20cm
丛书名: 世界史资料丛刊
单 册:
中图分类: K565.41
科图分类:
主题词: 法国大革命(1789~1794)--史料
电子资源:
ISBN:
000 01024nam2 2200253 45
001 0190015379
005 20060728103903.20
010    @dCNY0.13
100    @a19921223d1989 em y0chiy0121 ea
101 1  @achi
105    @ay z 000yy
200 10 @a十八世纪末法国资产阶级革命@ASHI BA SHI JI MO FA GUO ZI CHAN JIE JI GE MING@f华中师范学院历史系编@Fhua zhong shi fan xue yuan li shi xi bian
210    @d1989.12
215    @a60页@d20cm
225 2  @a世界史资料丛刊@i近代史部
300    @a历史知识读物
330    @a本书反映了法国1789年大革命前夕法国资产阶级的政治要求第三等级的陈情书等,资产阶级夺取政权、掌握政权后反对封建势力的斗争和它的两面性;以及雅各宾派专政时期采取的各项革命措施等。
410  0 @120010@a近代史部
540 1  @a十八 世纪 法国 资产阶级 革命@ASHI BA SHI JI FA GUO ZI CHAN JIE JI GE MING
606    @a法国大革命(1789~1794)@x史料
690    @aK565.41@v三版
701  0 @a华中师范学院历史系@Ahua zhong shi fan xue yuan li shi xi@4编
801  0 @aCN@bTSSF@c20060728
905    @a10447@dK565.41@e20
    
    十八世纪末法国资产阶级革命/华中师范学院历史系编.-1989.12
    60页;20cm.-(世界史资料丛刊.近代史部)
    历史知识读物
    
    ISBN :CNY0.13
    本书反映了法国1789年大革命前夕法国资产阶级的政治要求第三等级的陈情书等,资产阶级夺取政权、掌握政权后反对封建势力的斗争和它的两面性;以及雅各宾派专政时期采取的各项革命措施等。
●
相关链接 在E读中查询图书 在五车中查询图书 在当当中查询图书 在豆瓣中查询图书


正题名:十八世纪末法国资产阶级革命     索取号:K565.41/20         预约/预借

序号 登录号 条形码 馆藏地/架位号 状态 备注
1 0424500   204245003   密集书库/ [索取号:K565.41/20] 在馆    
2 0436934   204369343   密集书库/ [索取号:K565.41/20] 在馆    
唐山师范学院图书馆 欢迎您!
大连网信软件有限公司© 版权所有